000 00524nam a2200193 a 4500
001 1770285653279
003 YourLibrary
005 20260205153744.0
008 260205s2007##################000#0#eng##
020 _a9780415396578
082 0 4 _a333.310917EI
100 1 _aGhonemy, Mohamad Riad El,
_eauthor.
245 1 0 _aThe Crisis of Rural Poverty and Hunger :
260 _bRoutledge,
_c2007.
300 _a243 pages
650 0 _aBusiness & Economics.
942 _cENGLISH
040 _aYourLibrary
_beng
_cYourLibrary
999 _c610512
_d610512